000
00293nam a2200121Ia 4500
005
20251222144906.0
008
251222s9999||||xx |||||||||||||| ||spa||
082
_a
260.2/C25
100
_a
Melchor Cano, Domingo de Soto
245
0
_a
Tratados Espirituales
264
_b
Católica
942
_c
LIB
999
_c
22166
_d
22166